000 00462nam a22001457a 4500
005 20250610102928.0
008 250610b |||||||| |||| 00| 0 eng d
020 _a0917006321
050 _aBS491
_bPUL
245 _aTHE PULPIT COMMENTARY;
_bFROM GENESIS TO MALACHI
_cEDITED BY H. D.M. SPENCE, JOSEPH S. EXELL
250 _bVOL1-23
260 _aMASSACHUSETTS
_bHENDRICKSON PUBLISHERS
_c1961-1973
700 _aH.D.M. SPENCE AND JOSEPH S. EXELL
942 _2lcc
_cBK
_n0
999 _c6383
_d6383